000 00458nam a22001577a 4500
005 20251108165906.0
008 250721s9999 xx 000 0 ara d
082 1 4 _aط/219.9/خدي
245 1 0 _aخديجة زوج الرسول عليه السلام /
264 1 _aبيروت :
_bدار الشرق،
_c[19-].
300 _a51ص
490 0 _aسلسلة اهل البيت؛3
650 1 7 _aالسيرة النبوية
942 _2ddc
_cBK
999 _c34073
_d34073